Konverzačná príručka angličtiny /

Na minha lista:
Detalhes bibliográficos
Autor principal: Breveníková, Daniela (xxx)
Formato: Livro
Idioma:eslovaco
Publicado em: Bratislava : Vysoká škola ekonomická, Bratislava, 1988
Edição:2.vyd.
Assuntos:
Tags: Adicionar Tag
Sem tags, seja o primeiro a adicionar uma tag!

MARC

LEADER 00000nam a22000003a 4500
001 stu37938
005 20150617225724.4
008 920831s1988----cs------------------slo-d
040 |a STU  |b slo 
041 0 |a slo 
044 |a cs 
080 |a 802.0(035)(075.8) 
100 1 |a Breveníková, Daniela  |4 xxx 
245 1 |a Konverzačná príručka angličtiny /  |c D. Breveníková a kol 
250 |a 2.vyd. 
260 |a Bratislava :  |b Vysoká škola ekonomická, Bratislava,  |c 1988 
300 |a 87 s 
650 7 |a angličtina  |2 stusub 
650 7 |a príručky konverzačné  |2 stusub 
996 |b MS604 1  |c M*S-604-1  |l MMKN  |s A  |a 24  |w stu37938_0001